| 000 | 00472nam a22001817a 4500 | ||
|---|---|---|---|
| 001 | BD-DhSAU 10673 | ||
| 003 | BD-DhSAU | ||
| 005 | 20150717111837.0 | ||
| 008 | 150717b1996 ko a||||r|||| 001 0 eng d | ||
| 040 | _aBD-DhSAU | ||
| 082 |
_222 _a951.93 _bKIM |
||
| 245 |
_aKil Il Sung : _bselected works VIII / |
||
| 260 |
_aKorea : _bForeign Languages Publishing House, _c1996. |
||
| 300 |
_a486 p. : _bill. ; _c24 cm. |
||
| 590 | _ajoy | ||
| 650 | _aWorks | ||
| 942 |
_2ddc _cBOOK |
||
| 999 |
_c10673 _d10672 |
||